00540 a2200157 4500003000500000005001700005040000900022082001200031100001900043245007400062260007200136300002600208505010400234600001900338650002500357NUST20230130132727.0 cNust a920,STR aStrover, C.H., a"Prominent Men" :ba series of biographical sketches /cC. H. Strover aLahorebRAI Sahib M. Gulab Singh & Sons Educational Publisherc1936 a198 p.;billusc19 cm aStatesmen (Page-1), Seamen (Page-93), Philosophers (Page-113), Poet (Page-143), Doctor (Page-157). aStrover, C.H., aLife of great peopel